Дело о реформе женского образования

RUSMARC
00005432cbc2a2200241#x 450
0011e5f84d1-d8df-4ca8-91d0-e3067644979e
00520230817110720.0
100##$a20210526l19031909k l0rusy0189 ca
1010#$arus
102##$aRU
105##$ay###
1222#$ad19030310##
$ad19090404##
2001#$aДело о реформе женского образования
$hЧасть 1
$j10 марта 1903 г. - 4 апреля 1909 г.
215##$a421 лист
$d36,5х26 см
251##$cДело
300##$aРукописный текст. Чернила
371##$aДокумент не является опубликованным и широко распространяемым
461#0$1001a74412a3-3cc5-4d21-8f0a-dfe2fbd9e72d
$12001
$aДепартамент народного просвещения Министерства народного просвещения
$1251
$cФонд
$1852
$j733
462#0$1001f43cabbb-29a3-44f1-91b2-268fede89717
$12001
$aДела Департамента народного просвещения разряда женских и частных учебных заведений
$vД. 690
$1251
$cОпись
$1852
$j191
801#0$aRU
$bРГИА
$c20210526
801#1$aRU
$bГлавНИВЦ
$c20210526
$2rusmarc
801#2$aRU
$bПБ им. Б.Н. Ельцина
$c20210924
$gRCR
$2rusmarc
850##$aФедеральное казенное учреждение "Российский государственный исторический архив"
852##$aРГИА
$j690
937##$hРГИА
$d12365075
$aASBIBLIO_SCAN
035##$aRusGRCC00027934
856##$uhttp://readingroom.main.prlib.ru/item.aspx?id_node=n168259363&mode=full
6061#$2nlr_sh
$3RU\NLR\AUTH\6601726584
$aМариинские женские училища
$jАрхивные дела
6061#$aЖенские гимназии
$jАрхивные дела
$2nlr_sh
$3RU\NLR\AUTH\6601660341
6061#$aЖенские прогимназии
$jАрхивные дела
$2nlr_sh
$3RU\NLR\AUTH\6601683299
605##$2acquisition_Prlib
$3LIBNET\UAF\0000107109
$aИстория образования в России
$lколлекция
605##$2acquisition_Prlib
$3DITM\AF\0000002775
$aВласть
$lколлекция
605##$2acquisition_Prlib
$3DITM\AF\0000003834
$aНарод
$lколлекция
686##$2rubbk
$a63.3(2)53-2ю11
$vLBC/M
686##$2rubbk
$a74.044.92ю11
$vLBC/M
Формат отображения